LEADER 01299nam a2200313 i 4500 001 000000219878 003 CaOOAMICUS 005 20220928124654.0 008 130416s2011 it u000 u ita u 013 $a198775 020 $a978-88-428-1692-8 040 $aSeMil$bita 100 1 $aColmegna, Virginio,$d<1945- >.$0(OLS)http://semarc/name/25889 245 10$aNon per me solo :$bvita di un uomo al servizio degli altri /$cVirginio Colmegna. 264 1$aMilano :$bIl Saggiatore,$c2011. 300 $a208 p. ;$c22 cm. 490 1 $aLa cultura ;$v729 541 0 $aFondo card. C.M. Martini (3G III 350) 650 4$aCaritas Ambrosiana.$0(OLS)http://semarc/subject/25101 650 4$aMilano - Casa della carità.$0(OLS)http://semarc/subject/16176 830 3$aLa cultura ;$v729.$0(OLS)http://semarc/title/6877 850 $aSeMil 852 $aSeMil$W1$xVenegono$y1$m3G III 350$j170238$B170238$CSeMilBibl$Z2$F182264 $81 941 1 $a4 961 $aLascito: Martini Card. Carlo Maria 996 $6020$a978-88-428-1692-8$9(OLS)http://semarc/number/218182 996 $6245$aNon per me solo :$bvita di un uomo al servizio degli altri$9(OLS)http://semarc/title/315421 996 $6264$aMilano :$bIl Saggiatore$9(OLS)http://semarc/publisher/30255 LEADER 01201nam a2200277 i 4500 001 000000205057 003 CaOOAMICUS 005 20160627000000.0 008 160627s1989 it u000 u mul u 013 $a183790 020 $a88-17-16689-8 040 $aSeMil$bita 245 10$aAntologia palatina :$bepigrammi erotici : libro 5. e libro 12. /$cintroduzione, traduzione e note di Guido Paduano. 260 $aMilano :$bBiblioteca Universale Rizzoli,$c1989. 300 $a367 p.,{5} p. di tav. :$bill. ;$c19 cm. 490 0 $aBUR ;$vL689 500 $aTesto greco a fronte. 650 4$aPoesia greca antica.$0(OLS)http://semarc/subject/9340 700 1 $aPaduano, Guido,$d<1944- >.$0(OLS)http://semarc/name/6268 830 0$aBUR ;$vL689.$0(OLS)http://semarc/title/17764 850 $aSeMil 852 $aSeMil$W1$xVenegono$y1$m1X II 3$j155551$B155551$CSeMilBibl$Z2$F213480 $81 961 $aLascito: Calori don Carlo 996 $6020$a88-17-16689-8$9(OLS)http://semarc/number/198580 996 $6245$aAntologia palatina :$bepigrammi erotici : libro 5. e libro 12.$9(OLS)http://semarc/title/296885 996 $6260$aMilano :$bBiblioteca Universale Rizzoli$9(OLS)http://semarc/publisher/31907